Climate change and Rural Communities in the Greater Mekong Subregion (Record no. 20905)

000 -LEADER
fixed length control field 00564cam a2200181 a 4500
040 ## - CATALOGING SOURCE
Transcribing agency GPO
082 ## - DEWEY DECIMAL CLASSIFICATION NUMBER
Classification number 333 ADB 2014 C111 Or.
110 1# - MAIN ENTRY--CORPORATE NAME
Corporate name or jurisdiction name as entry element United States.
245 10 - TITLE STATEMENT
Title Climate change and Rural Communities in the Greater Mekong Subregion
300 ## - PHYSICAL DESCRIPTION
Number of Pages v, 116 pages :
Other physical details digital, PDF file
500 ## - GENERAL NOTE
General note Title from title screen (viewed on Dec. 24, 2008).
500 ## - GENERAL NOTE
General note "Serial No. 110-20."
650 #0 - SUBJECT ADDED ENTRY--TOPICAL TERM
Topical Term Climatic changes.
650 #0 - SUBJECT ADDED ENTRY--TOPICAL TERM
Topical Term Global warming
650 #0 - SUBJECT ADDED ENTRY--TOPICAL TERM
Topical Term Greenhouse gas mitigation
856 40 - ELECTRONIC LOCATION AND ACCESS
Uniform Resource Identifier https://purl.fdlp.gov/GPO/LPS106842
942 ## - ADDED ENTRY ELEMENTS (KOHA)
Koha item type ADB
952 ## - LOCATION AND ITEM INFORMATION (KOHA)
Withdrawn status [LOCAL, KOHA] 0
Holdings
Permanent Location Date acquired Koha item type Lost status Shelving location Barcode Current Location Full call number
Library Block C2023-01-13ADB C111a071276Library Block C333 ADB 2014 C111 Or.
មជ្ឈមណ្ឌលឯការនៃសាកលវិទ្យាល័យភូមិន្ទកសិកម្មចំការដូង

Powered by Koha